000 00650nam a2200265Ia 4500
005 20260121170640.0
008 008 260114s9999 xx 000 0 eng d
020 _a9783658229207
037 _aEBOOK
040 _aCRL
040 _beng
040 _cCRL
041 _2eng
041 _aeng
084 _qCRL
100 _aJens Ivo Engels
_91066476
245 0 _aKey Concepts for Critical Infrastructure Research
260 _bSpringer
260 _bSpringer
260 _c2018
856 _uhttps://link.springer.com/openurl?genre=book&isbn=978-3-658-22920-7
942 _cEBOOK
999 _c1632206
_d1632206